000 00703nam a2200205 i 4500
001 163010
003 ES-MaACL
005 20230906212640.0
008 050707s1870 gw | |||||||| ||eng d
040 _aCAM
_bspa
_cCAM
100 1 _aReade, Charles.
_995671
245 1 0 _aPut yourself in his place /
_cby Charles Reade.
260 _aLeipzig :
_bBernhard Tauchnitz,
_c1870.
300 _a2 v. (392; 367 p.) ;
_c14 cm.
490 1 _aCollection of british authors. 1123; 1124
752 _aAlemania -
_dLeipzig
830 0 _aCollection of british authors. 1123; 1124
_9222238
852 _aES-MaACL
_jG-11985
_z-- Enc. hol. conservando la rust. original
_z-- 2 t. en 1 v.
999 _c163010
_d163010